| 000 | 00000nam 2200000zi 4500 |
| 001 | 9.916441 |
| 003 | CaOODSP |
| 005 | 20221123121059 |
| 006 | m o d f |
| 007 | cr |n||||||||| |
| 008 | 221021t20222022onc ob f|0| 0 fre d |
| 040 | |aCaOODSP|bfre|erda|cCaOODSP |
| 043 | |an-cn--- |
| 086 | 1 |aYM32-3/441-C22F-PDF |
| 100 | 1 |aLowenger, Allison, |eauteur. |
| 245 | 10|aLe projet de loi C-22 : |bLoi visant à réduire la pauvreté et à renforcer la sécurité financière des personnes handicapées par l’établissement de la prestation canadienne pour les personnes handicapées et apportant une modification corrélative à la Loi de l’impôt sur le revenu / |cAllison Lowenger et Mayra Perez-Leclerc. |
| 264 | 1|aOttawa, Canada : |bBibliothèque du Parlement = Library of Parliament, |c2022. |
| 264 | 4|c©2022 |
| 300 | |a1 ressource en ligne (i, 9 pages). |
| 336 | |atexte|btxt|2rdacontent/fre |
| 337 | |ainformatique|bc|2rdamedia/fre |
| 338 | |aressource en ligne|bcr|2rdacarrier/fre |
| 490 | 1 |aRésumé législatif ; |vn° 44-1-C22-F |
| 500 | |aPublié aussi en anglais sous le titre : Bill C-22: an act to reduce poverty and to support the financial security of persons with disabilities by establishing the Canada Disability Benefit and making a consequential amendment to the Income Tax Act. |
| 500 | |aPublié aussi en format HTML. |
| 500 | |a« Le 1er septembre 2022. » |
| 504 | |aComprend des références bibliographiques (pages 8-9). |
| 650 | 6|aAssurance-invalidité|xDroit|zCanada. |
| 710 | 1 |aCanada. |bService d'information et de recherche parlementaires, |eorganisme de publication. |
| 775 | 08|tBill C-22 : |w(CaOODSP)9.916440 |
| 830 | #0|aRésumé législatif (Canada. Service d'information et de recherche parlementaires)|vn° 44-1-C22-F.|w(CaOODSP)9.501179 |
| 856 | 40|qPDF|s911 Ko|uhttps://publications.gc.ca/collections/collection_2022/bdp-lop/ls/YM32-3-441-C22-fra.pdf |
| 856 | 4 |qHTML|sS.O.|uhttps://lop.parl.ca/sites/PublicWebsite/default/fr_CA/ResearchPublications/LegislativeSummaries/441C22E? |